| 000 | 00402nam a22001697a 4500 | ||
|---|---|---|---|
| 999 |
_c7817 _d7815 |
||
| 005 | 20210904140914.0 | ||
| 008 | 210821b ||||| |||| 00| 0 eng d | ||
| 020 | _a9781847662484 | ||
| 041 | _aeng | ||
| 082 | _a344.41 | ||
| 100 |
_aELLISON,ROBIN _96545 |
||
| 245 | _aPENSION FUND INVESTMENT LAW | ||
| 260 |
_aW.S. _bTOTTEL PUBLISHING _c2008 |
||
| 300 | _a627;p | ||
| 650 |
_aLAW _95701 |
||
| 942 | _cBK | ||